|
|
|
|
| LEADER |
00000cam a2200000 4500 |
| 001 |
vtls012152580 |
| 003 |
SK-MaSNL |
| 005 |
20260301105332.0 |
| 008 |
221021s2022 xo a j 000 f slo |
| 015 |
|
|
|a SNBA2023/10
|
| 020 |
|
|
|a 9788056709986
|q (viazané)
|
| 040 |
|
|
|a SNK
|b slo
|c SNK
|e rda
|
| 041 |
1 |
|
|a slo
|h eng
|
| 044 |
|
|
|a xo
|c SK
|
| 072 |
|
7 |
|a 821.131.1-3
|x Talianska próza
|2 konspekt
|
| 072 |
|
7 |
|a 821-93
|x Literatúra pre deti a mládež (beletria)
|2 konspekt
|
| 080 |
|
|
|a 821.131.1-34
|2 2011
|
| 080 |
|
|
|a (0:82-34)
|2 2011
|
| 080 |
|
|
|a 82-93
|2 2011
|
| 100 |
1 |
|
|a Cioni, Chiara
|4 aut
|9 365125
|
| 240 |
1 |
0 |
|a One story a day - 365 bedtime stories
|l Slovensky
|
| 245 |
1 |
0 |
|a 365 rozprávok pred spaním
|b jeden príbeh na každý deň
|c text: Chiara Cioni a Danila Sorrentino ; ilustrácie Sara Torretta
|
| 246 |
3 |
0 |
|a Tristošesťdesiatpäť rozprávok pred spaním
|
| 250 |
|
|
|a Prvé slovenské vydanie
|
| 264 |
|
1 |
|a Bratislava
|b Svojtka & Co.
|c 2022
|
| 300 |
|
|
|a 173 strán
|b farebné ilustrácie
|c 29 cm
|
| 336 |
|
|
|a text
|b txt
|2 rdacontent
|
| 336 |
|
|
|a statický obraz
|b sti
|2 rdacontent
|
| 337 |
|
|
|a bez média
|b n
|2 rdamedia
|
| 338 |
|
|
|a zväzok
|b nc
|2 rdacarrier
|
| 500 |
|
|
|a Preložené z angličtiny
|
| 655 |
|
7 |
|a rozprávky
|2 SNKPH
|9 70597
|
| 655 |
|
7 |
|a Fairy tales
|2 SNKPHeng
|9 265887
|
| 655 |
|
7 |
|a literatúra pre deti a mládež
|2 SNKPH
|9 189378
|
| 655 |
|
7 |
|a Children's and juvenile literature
|2 SNKPHeng
|9 212725
|
| 700 |
1 |
|
|a Sorrentino, Danila
|4 aut
|9 351354
|
| 700 |
1 |
|
|a Torretta, Sara,
|d 1980-
|4 ill
|9 445450
|
| 700 |
1 |
|
|a Cingelová, Andrea
|4 trl
|9 186031
|
| 700 |
1 |
|
|a Gieciová, Daniela
|c (prekladateľka)
|4 trl
|9 222327
|
| 700 |
1 |
|
|a Bubnášová, Eva,
|d 1985-
|4 trl
|9 224985
|
| 852 |
|
|
|a Slovenská národná knižnica
|
| 919 |
|
|
|a 978-80-567-0998-6
|
| 954 |
|
|
|a beletria cudzojazyčná (svetová)
|2 lita
|
| 958 |
|
|
|a LX
|
| 958 |
|
|
|a DB
|
| 958 |
|
|
|a UP
|
| 968 |
|
|
|b IT
|
| 968 |
|
|
|b ENG
|
| 999 |
|
|
|c 700604
|d 702534
|
| 952 |
|
|
|a SNK
|b SNK
|y PREZ
|7 0
|p 17A1515914
|o snkSB 83747
|i snk2022/18041
|8 0
|0 0
|1 0
|4 0
|d 2022-12-02
|f 1
|l 0
|r 2025-05-06 00:00:00
|w 2026-02-23
|
| 952 |
|
|
|a SNK
|b SNK
|y VYP
|7 0
|p 17A1515915
|o snkSB 83747 D1
|i snk2022/18044
|8 0
|0 0
|1 0
|4 0
|d 2022-12-02
|l 0
|r 2026-02-23 20:56:03
|w 2026-02-23
|
| 952 |
|
|
|a SNK
|b SNK
|y PREZ
|7 0
|p 17A1535447
|o snkSB 99551
|i snk2023/14287
|8 0
|0 0
|1 0
|4 0
|d 2023-10-04
|f 1
|l 0
|r 2025-05-22 00:00:00
|w 2026-02-23
|
| 952 |
|
|
|a SNK
|b SNK
|y VYP
|7 0
|p 17A1535448
|o snkSB 99551 D1
|i snk2023/14288
|8 0
|0 0
|1 0
|4 0
|d 2023-10-04
|l 0
|r 2026-02-23 20:56:03
|w 2026-02-23
|